000 00301 a2200145 4500
001 155717
040 _cEscola São Tomás de Aquino
240 1 0 _aBíblia Sagrada
_lpor
245 1 0 _aBíblia Sagrada
300 _a1464
362 0 _a2005
440 1 _aPaulinas
697 _aBíblia
942 _cBK
999 _c155717
_d155717